[Event "24th Hoogeveen Open 2021"]
[Site "Hoogeveen"]
[Date "2021.10.21"]
[Round "7.6"]
[White "Tabak, Stefan"]
[Black "Klaren, Duncan"]
[Result "1-0"]
[WhiteElo "2168"]
[BlackElo "1845"]
[Annotator "ChessBase"]
[PlyCount "109"]
[EventDate "2021.10.15"]
[EventType "swiss"]
[EventCountry "NED"]
[SourceTitle "playchess.com"]
[Source "ChessBase"]
[SourceQuality "1"]
[TimeControl "40/5400+30:1800+30"]

1. e4 {[%emt 0:00:03]} c5 {[%emt 0:00:06]} 2. b4 {[%emt 0:00:06]} cxb4 {[%emt 0:00:14]} 3. d4 {[%emt 0:00:07]} d5 {[%emt 0:02:47]} 4. exd5 {[%emt 0:00:14]} Nf6 {[%emt 0:01:06]} 5. a3 {[%emt 0:00:38]} Nxd5 {[%emt 0:01:54]} 6. axb4 {[%emt 0:00:57]} e6 {[%emt 0:01:33]} 7. b5 {[%emt 0:06:45]} Bb4+ {[%emt 0:12:22]} 8. Bd2 {[%emt 0:00:23]} Qe7 {[%emt 0:00:48]} 9. c3 {[%emt 0:01:07]} Bd6 {[%emt 0:00:08]} 10. c4 {[%emt 0:04:45]} Nb4 {[%emt 0:04:08]} 11. c5 {[%emt 0:01:00]} Bxc5 {[%emt 0:00:11]} 12. dxc5 {[%emt 0:00:28]} Qxc5 {[%emt 0:00:12]} 13. Bxb4 {[%emt 0:09:31]} Qxb4+ {[%emt 0:07:20]} 14. Nd2 {[%emt 0:01:28]} O-O {[%emt 0:02:11]} 15. Ngf3 {[%emt 0:00:23]} e5 {[%emt 0:05:32]} 16. Ra4 {[%emt 0:04:02]} Qe7 {[%emt 0:09:53]} 17. Be2 {[%emt 0:05:22]} Bf5 {[%emt 0:02:21]} 18. O-O {[%emt 0:01:17]} Nd7 {[%emt 0:01:26]} 19. Qa1 {[%emt 0:01:19]} Qf6 {[%emt 0:12:24]} 20. Ne4 {[%emt 0:02:25]} Qe7 {[%emt 0:02:56]} 21. Ng3 {[%emt 0:05:22]} Bg6 {[%emt 0:00:42]} 22. Rxa7 {[%emt 0:01:24]} Rab8 {[%emt 0:02:09]} 23. Qa3 {[%emt 0:02:27]} Qf6 {[%emt 0:03:27]} 24. Rd1 {[%emt 0:02:30]} Rfd8 {[%emt 0:02:34]} 25. Qd6 {[%emt 0:02:35]} Qxd6 {[%emt 0:05:30]} 26. Rxd6 {[%emt 0:00:02]} f6 {[%emt 0:00:21]} 27. h4 {[%emt 0:01:54]} Nc5 {[%emt 0:01:27]} 28. Rxd8+ {[%emt 0:00:26]} Rxd8 {[%emt 0:00:06]} 29. Ra2 {[%emt 0:08:01]} e4 {[%emt 0:02:30]} 30. Rd2 {[%emt 0:01:10]} Nd3 {[%emt 0:03:47]} 31. Ne1 {[%emt 0:04:37]} Rc8 {[%emt 0:02:33]} 32. Nxd3 {[%emt 0:02:26]} exd3 {[%emt 0:00:16]} 33. Bxd3 {[%emt 0:00:30]} Rc5 {[%emt 0:02:59]} 34. Be2 {[%emt 0:01:48]} Be8 {[%emt 0:01:37]} 35. Rd8 {[%emt 0:00:53]} Kf7 {[%emt 0:00:29]} 36. Rb8 {[%emt 0:00:28]} Rc7 {[%emt 0:00:40]} 37. Bf3 {[%emt 0:03:08]} Bxb5 {[%emt 0:00:25]} 38. Rxb7 {[%emt 0:00:06]} Rxb7 {[%emt 0:00:03]} 39. Bxb7 {[%emt 0:00:07]} Bd7 {[%emt 0:00:39]} 40. f3 {[%emt 0:00:13]} g6 {[%emt 0:00:44]} 41. Kf2 {[%emt 0:30:04]} Kg7 {[%emt 0:30:43]} 42. Ne4 {[%emt 0:00:26]} Kf7 {[%emt 0:00:55]} 43. Ke3 {[%emt 0:00:05]} Ke7 {[%emt 0:00:16]} 44. Kd4 {[%emt 0:00:05]} Be6 {[%emt 0:00:40]} 45. Bd5 {[%emt 0:00:40]} Bd7 {[%emt 0:00:09]} 46. g3 {[%emt 0:00:21]} Bc8 {[%emt 0:02:50]} 47. Kc5 {[%emt 0:00:42]} Bd7 {[%emt 0:00:48]} 48. Nc3 {[%emt 0:01:43]} Be8 {[%emt 0:00:59]} 49. Bb3 {[%emt 0:01:30]} Bf7 {[%emt 0:02:41]} 50. Bxf7 {[%emt 0:00:06]} Kxf7 {[%emt 0:00:03]} 51. Kd6 {[%emt 0:00:07]} h6 {[%emt 0:00:10]} 52. Nd5 {[%emt 0:00:08]} h5 {[%emt 0:00:52]} 53. Kd7 {[%emt 0:00:11]} g5 {[%emt 0:00:21]} 54. Kd6 {[%emt 0:00:08]} g4 {[%emt 0:01:37]} 55. f4 {[%emt 0:00:09]} 1-0

[Event "24th Hoogeveen Open 2021"]
[Site "Hoogeveen"]
[Date "2021.10.21"]
[Round "7.7"]
[White "Osterwald, Elwin"]
[Black "Basa, Manasvita"]
[Result "1-0"]
[WhiteElo "2130"]
[BlackElo "1668"]
[Annotator "ChessBase"]
[PlyCount "77"]
[EventDate "2021.10.15"]
[EventType "swiss"]
[EventCountry "NED"]
[SourceTitle "playchess.com"]
[Source "ChessBase"]
[SourceQuality "1"]
[TimeControl "40/5400+30:1800+30"]

1. Nf3 {[%emt 0:00:04]} d5 {[%emt 0:00:07]} 2. c4 {[%emt 0:00:06]} e6 {[%emt 0:00:05]} 3. g3 {[%emt 0:00:05]} Nf6 {[%emt 0:00:08]} 4. Bg2 {[%emt 0:00:06]} Bd6 {[%emt 0:01:28]} 5. O-O {[%emt 0:06:13]} O-O {[%emt 0:00:10]} 6. b3 {[%emt 0:01:29]} c6 {[%emt 0:01:58]} 7. Bb2 {[%emt 0:00:44]} Nbd7 {[%emt 0:01:07]} 8. Nc3 {[%emt 0:05:45]} e5 {[%emt 0:07:37]} 9. cxd5 {[%emt 0:02:33]} cxd5 {[%emt 0:00:07]} 10. Nb5 {[%emt 0:04:33]} Bb8 {[%emt 0:00:33]} 11. Ba3 {[%emt 0:04:42]} Re8 {[%emt 0:00:16]} 12. Nd6 {[%emt 0:00:52]} Re6 {[%emt 0:00:45]} 13. Nxf7 {[%emt 0:03:17]} Qa5 {[%emt 0:00:18]} 14. N7g5 {[%emt 0:01:39]} Re8 {[%emt 0:01:02]} 15. Bb2 {[%emt 0:01:16]} h6 {[%emt 0:04:28]} 16. Nh3 {[%emt 0:00:28]} Nf8 {[%emt 0:03:39]} 17. d4 {[%emt 0:04:15]} e4 {[%emt 0:00:19]} 18. Ne5 {[%emt 0:00:11]} Bf5 {[%emt 0:06:41]} 19. e3 {[%emt 0:04:52]} Bd6 {[%emt 0:04:08]} 20. f4 {[%emt 0:04:32]} exf3 {[%emt 0:03:11]} 21. Rxf3 {[%emt 0:02:05]} Bh7 {[%emt 0:06:03]} 22. Rxf6 {[%emt 0:01:36]} gxf6 {[%emt 0:25:36]} 23. Qg4+ {[%emt 0:00:12]} Ng6 {[%emt 0:00:12]} 24. Nxg6 {[%emt 0:00:20]} Kf7 {[%emt 0:00:05]} 25. Qd7+ {[%emt 0:03:42]} Kxg6 {[%emt 0:00:35]} 26. Qxd6 {[%emt 0:00:10]} Rxe3 {[%emt 0:02:22]} 27. Rf1 {[%emt 0:00:48]} Qd8 {[%emt 0:03:31]} 28. Nf4+ {[%emt 0:01:26]} Kg7 {[%emt 0:10:29]} 29. Ne6+ {[%emt 0:00:39]} Rxe6 {[%emt 0:00:08]} 30. Qxe6 {[%emt 0:00:06]} Bg8 {[%emt 0:01:38]} 31. Qg4+ {[%emt 0:00:32]} Kh8 {[%emt 0:00:33]} 32. Qh4 {[%emt 0:01:08]} Kg7 {[%emt 0:00:26]} 33. Bc1 {[%emt 0:00:17]} Rc8 {[%emt 0:01:05]} 34. Bxh6+ {[%emt 0:00:52]} Kf7 {[%emt 0:00:13]} 35. Bf3 {[%emt 0:01:08]} Bh7 {[%emt 0:01:19]} 36. Bxd5+ {[%emt 0:01:29]} Ke8 {[%emt 0:08:24]} 37. Re1+ {[%emt 0:01:32]} Kd7 {[%emt 0:00:18]} 38. Qg4+ {[%emt 0:00:23]} Kc7 {[%emt 0:03:31]} 39. Rc1+ {[%emt 0:00:38]} 1-0

[Event "24th Hoogeveen Open 2021"]
[Site "Hoogeveen"]
[Date "2021.10.22"]
[Round "8.1"]
[White "Hovenga, Alje"]
[Black "Arabi, Osama"]
[Result "1-0"]
[WhiteElo "2212"]
[BlackElo "1940"]
[Annotator "TA"]
[PlyCount "93"]
[EventDate "2021.10.15"]
[EventType "swiss"]
[EventCountry "NED"]
[SourceTitle "playchess.com"]
[Source "ChessBase"]
[SourceQuality "1"]

{[%evp 12,93,20,20,20,21,31,30,32,34,52,43,81,76,93,89,94,79,88,82,75,66,83,43,64,47,55,0,13,-37,-23,-15,-24,-40,-23,-26,-4,-81,0,0,11,0,0,0,0,-29,-12,-31,0,0,0,0,92,83,80,79,58,58,89,81,286,294,345,323,331,339,331,309,529,524,557,533,29982,29983,29983,29984,29984,29985,29985,29986,29986,29987,29987,29988]} 1. d4 Nf6 2. c4 e6 3. Nc3 Bb4 4. Qc2 d5 5. cxd5 exd5 6. Bg5 h6 7. Bh4 {The main line 7.Bh4 scores better than 7.Bxf6.} c6 {E35: Nimzo-Indian: Classical: 4...d5 5 cxd5 exd5.} 8. e3 Be6 9. Bd3 Nbd7 {White has an edge.} 10. Nge2 Rc8 {[#]} 11. Nf4 $146 ({Predecessor:} 11. O-O Be7 12. Rad1 Nb6 13. f3 O-O 14. Kh1 Nh5 15. Bf2 f5 16. Rde1 Bd6 17. Ng3 Nxg3+ 18. Bxg3 Bxg3 19. hxg3 {0-1 (33) Sundararajan,K (2484)-Kholmov,R (2430) Olomouc 2005}) 11... Qe7 12. Nxe6 fxe6 13. Bg6+ Kd8 14. O-O Nf8 15. Rac1 Nxg6 16. Qxg6 Rf8 17. f3 Qf7 18. Qd3 Bd6 19. Bxf6+ (19. e4 $5 {[%cal Re4e5]} Bf4 20. Rce1 $11) 19... Qxf6 20. Rc2 g5 21. e4 {[#] Black must now prevent e5.} Qg6 22. Qe2 Rc7 23. e5 Bb4 24. Rfc1 (24. a3 $11 {keeps the balance.} Ba5 25. Na4) 24... Bxc3 (24... Rcf7 $17) 25. Rxc3 $11 Rf4 26. Qd3 Qxd3 27. Rxd3 {[%mdl 4096] Endgame KRR-KRR} Rcf7 28. h3 h5 29. Kf2 h4 30. b4 a6 31. Ke3 g4 (31... Kc7 $11) 32. hxg4 $16 {[#] Strongly threatening Rh1.} h3 33. Ke2 {aiming for g3.} ({Don't play} 33. gxh3 Rxf3+ 34. Kd2 Rf2+ 35. Kc3 Rxa2 $15) 33... hxg2 34. Rg1 Rh7 35. Kf2 Rh1 $2 {Loses the game.} (35... Rh3 $16) 36. Kxg2 $18 Rxg1+ 37. Kxg1 {KR-KR} a5 38. a3 axb4 39. axb4 b6 $2 (39... Kc7 40. Kf2 Kb6) 40. Kf2 c5 41. Ke3 Rxd4 42. Rxd4 {White mates.} cxd4+ 43. Kxd4 {KP-KP} Ke8 44. f4 Ke7 45. f5 Kf7 46. fxe6+ Kxe6 47. b5 {Weighted Error Value: White=0.11/Black=0.45} 1-0

[Event "24th Hoogeveen Open 2021"]
[Site "Hoogeveen"]
[Date "2021.10.22"]
[Round "8.2"]
[White "Bezemer, Arno"]
[Black "Meurs, Tom"]
[Result "1-0"]
[WhiteElo "2283"]
[BlackElo "2217"]
[Annotator "TA"]
[PlyCount "85"]
[EventDate "2021.10.15"]
[EventType "swiss"]
[EventCountry "NED"]
[SourceTitle "playchess.com"]
[Source "ChessBase"]
[SourceQuality "1"]

{[%evp 11,85,26,34,32,31,24,29,27,25,21,21,19,12,17,17,7,0,0,0,0,30,26,18,12,24,20,17,20,87,91,100,50,85,71,139,130,179,192,181,91,214,214,210,203,247,252,239,244,243,197,189,152,174,42,127,133,274,239,310,264,242,220,216,209,225,206,326,322,591,577,579,593,590,597,538,527]} 1. e4 e5 2. Nf3 Nc6 3. Bb5 Nge7 4. d4 exd4 5. Nxd4 Nxd4 6. Qxd4 Nc6 7. Qe3 {C60: Ruy Lopez: Unusual Black 3rd moves and 3...g6.} Be7 8. Nc3 O-O 9. O-O {[#] White has an edge.} Re8 $146 ({Predecessor:} 9... d6 10. Nd5 Be6 11. Bd2 a6 12. Bxc6 bxc6 13. Nxe7+ Qxe7 14. Rfe1 Rae8 15. Bc3 Qd7 16. Bxg7 Kxg7 {½-½ (50) Nguyen,A (2471)-Priasmoro,N (2495) Jakarta 2019}) 10. Nd5 Nb4 11. Nxb4 Bxb4 12. Qf3 Qe7 13. Bf4 a6 14. Ba4 b5 15. e5 Rb8 (15... d5 $5 {[%cal Rb5a4]} 16. exd6 (16. Qxd5 $2 Be6 $19) 16... cxd6 $11) 16. Bb3 Bb7 17. Qg4 Bc5 18. Rfe1 d6 19. Rad1 Kh8 (19... Qf8 $11 {remains equal.}) 20. Kf1 $16 {exd6 is the strong threat.} Qf8 21. c3 f5 22. Qg3 dxe5 ({Better is} 22... a5) 23. Bxe5 Re7 24. Bxc7 Rbe8 25. f3 (25. Rxe7 $1 $18 Qxe7 26. Qe5 $1) 25... Qf6 (25... Be4 $16 {might work better.} 26. fxe4 f4) 26. Rxe7 $18 Qxe7 {[%csl Ge8][%cal Re7e2]} 27. Re1 Qd7 {( -> ...Qd3+)} 28. Rxe8+ Qxe8 29. Qe5 Qf8 30. Bc2 Bc8 31. Bd3 $40 {[%mdl 128] White wants a kill.} h6 32. Qe2 (32. c4 $18) 32... Ba7 (32... Qf7 $1 $14 33. Be5 Qxa2) 33. Be5 b4 (33... Qe7 $16 {is a better defense.} 34. g3 Kg8) 34. Bd4 (34. Bxa6 $6 bxc3 35. bxc3 (35. Bxc3 Qc5 $18) 35... Qd8 $18) 34... Bc5 35. Qe3 {Qxh6+ would kill now.} ({Resist} 35. Bxa6 Bxa6 36. Qxa6 Bxd4 $18) 35... Bxd4 36. Qxd4 bxc3 37. bxc3 Be6 {[#]} 38. a4 $1 {[%cal Ba2a4,Ba4a5][%mdl 32]} ({Don't play} 38. Bxa6 $6 Bxa2 39. Bd3 Be6 $16) 38... Qa3 (38... Qa8 $142 39. Qd6 Qc8 40. Bxa6 (40. Qxa6 Qxc3 41. g3 f4 $18) 40... Bc4+ 41. Bxc4 Qxc4+ 42. Kg1 Qxa4 43. Qf8+ {[%mdl 64] Double Attack} Kh7 44. Qxf5+ Kh8 45. Qc8+ Kh7 46. Qf5+ Kg8 47. Qd5+ Kf8) 39. Bxa6 Qc1+ $2 (39... Bb3 {was necessary.} 40. Bb5 Bc2) 40. Kf2 {White is clearly winning.} Qb2+ 41. Be2 Qa2 42. Qb4 Kh7 43. a5 {Weighted Error Value: White=0.14/Black=0.35} 1-0

[Event "24th Hoogeveen Open 2021"]
[Site "Hoogeveen"]
[Date "2021.10.22"]
[Round "8.3"]
[White "Osterwald, Elwin"]
[Black "Roobol, Martin"]
[Result "1/2-1/2"]
[WhiteElo "2130"]
[BlackElo "2296"]
[Annotator "TA"]
[PlyCount "30"]
[EventDate "2021.10.15"]
[EventType "swiss"]
[EventCountry "NED"]
[SourceTitle "playchess.com"]
[Source "ChessBase"]
[SourceQuality "1"]

{[%evp 16,30,16,9,8,13,16,20,8,9,41,2,4,2,2,0,0]} 1. Nf3 g6 2. d4 Bg7 3. g3 d5 4. Bg2 Nf6 5. c4 dxc4 6. Na3 O-O 7. Nxc4 Be6 8. b3 c5 9. O-O cxd4 {D77: Fianchetto Grünfeld: 6 0-0: Replies other than 6...c6.} 10. Nxd4 Bd5 11. Bb2 Bxg2 12. Kxg2 Qd5+ 13. Nf3 Nc6 {[#] The position is equal.} 14. Qxd5 $146 ({Predecessor:} 14. Bxf6 Qxd1 15. Raxd1 Bxf6 16. Rd7 Rab8 17. Rfd1 Rfd8 18. e4 Kf8 19. e5 Bg7 20. e6 {0-1 (52) Piesik,P (2418)-Langner,L (2377) Chess.com INT 2020}) 14... Nxd5 15. Bxg7 Kxg7 {An uneventful encounter.  Weighted Error Value: White=0.08/Black=0.06} 1/2-1/2

[Event "24th Hoogeveen Open 2021"]
[Site "Hoogeveen"]
[Date "2021.10.22"]
[Round "8.4"]
[White "Gutkind, Kedem"]
[Black "Tabak, Stefan"]
[Result "1-0"]
[WhiteElo "2112"]
[BlackElo "2168"]
[Annotator "ChessBase"]
[PlyCount "141"]
[EventDate "2021.10.15"]
[EventType "swiss"]
[EventCountry "NED"]
[SourceTitle "playchess.com"]
[Source "ChessBase"]
[SourceQuality "1"]
[TimeControl "40/5400+30:1800+30"]

1. d4 {[%emt 0:00:03]} Nf6 {[%emt 0:00:07]} 2. Nf3 {[%emt 0:00:10]} c5 {[%emt 0:02:58]} 3. d5 {[%emt 0:00:07]} e6 {[%emt 0:01:13]} 4. Nc3 {[%emt 0:00:05]} b5 {[%emt 0:04:47]} 5. dxe6 {[%emt 0:12:06]} fxe6 {[%emt 0:00:14]} 6. Nxb5 {[%emt 0:01:36]} Qa5+ {[%emt 0:03:28]} 7. Nc3 {[%emt 0:00:04]} d5 {[%emt 0:00:05]} 8. e3 {[%emt 0:02:21]} Bd6 {[%emt 0:10:52]} 9. Bd2 {[%emt 0:07:22]} Qb6 {[%emt 0:00:12]} 10. e4 {[%emt 0:33:07]} dxe4 {[%emt 0:19:33]} 11. Ng5 {[%emt 0:00:08]} O-O {[%emt 0:00:16]} 12. Ngxe4 {[%emt 0:00:58]} Bb7 {[%emt 0:06:29]} 13. Nxd6 {[%emt 0:00:06]} Qxd6 {[%emt 0:00:05]} 14. Qe2 {[%emt 0:04:34]} Nc6 {[%emt 0:00:38]} 15. Nb5 {[%emt 0:01:11]} Qe7 {[%emt 0:00:51]} 16. c3 {[%emt 0:02:34]} a6 {[%emt 0:03:54]} 17. Na3 {[%emt 0:00:07]} e5 {[%emt 0:00:04]} 18. Be3 {[%emt 0:02:30]} Kh8 {[%emt 0:09:13]} 19. O-O-O {[%emt 0:03:48]} Rac8 {[%emt 0:02:50]} 20. Kb1 {[%emt 0:00:28]} e4 {[%emt 0:04:10]} 21. Nc4 {[%emt 0:01:15]} Rcd8 {[%emt 0:05:28]} 22. Rxd8 {[%emt 0:05:51]} Rxd8 {[%emt 0:00:28]} 23. Qe1 {[%emt 0:00:43]} Ng4 {[%emt 0:02:08]} 24. Be2 {[%emt 0:09:02]} Nge5 {[%emt 0:00:17]} 25. Qc1 {[%emt 0:01:20]} Nd3 {[%emt 0:03:26]} 26. Qc2 {[%emt 0:01:23]} a5 {[%emt 0:02:40]} 27. Rd1 {[%emt 0:01:40]} Ba6 {[%emt 0:00:24]} 28. Qa4 {[%emt 0:02:15]} Qb7 {[%emt 0:14:14]} 29. Bxd3 {[%emt 0:01:24]} exd3 {[%emt 0:00:21]} 30. Nxa5 {[%emt 0:01:48]} Nxa5 {[%emt 0:00:07]} 31. Qxa5 {[%emt 0:00:03]} Rb8 {[%emt 0:00:19]} 32. Rd2 {[%emt 0:00:12]} c4 {[%emt 0:00:26]} 33. Qe5 {[%emt 0:03:42]} Bb5 {[%emt 0:00:50]} 34. b4 {[%emt 0:01:52]} Re8 {[%emt 0:03:19]} 35. Qc5 {[%emt 0:00:42]} Rc8 {[%emt 0:00:44]} 36. Qb6 {[%emt 0:01:02]} Qd5 {[%emt 0:00:17]} 37. Kb2 {[%emt 0:00:45]} Ra8 {[%emt 0:00:57]} 38. Qc5 {[%emt 0:00:17]} Qd7 {[%emt 0:00:09]} 39. h4 {[%emt 0:00:27]} Qb7 {[%emt 0:00:41]} 40. Qb6 {[%emt 0:00:36]} Qd7 {[%emt 0:00:18]} 41. h5 {[%emt 0:02:35]} h6 {[%emt 0:16:09]} 42. Bd4 {[%emt 0:10:47]} Ra6 {[%emt 0:04:16]} 43. Qb8+ {[%emt 0:00:34]} Kh7 {[%emt 0:00:06]} 44. f4 {[%emt 0:07:17]} Bc6 {[%emt 0:04:11]} 45. Qf8 {[%emt 0:00:55]} Be4 {[%emt 0:01:57]} 46. Kc1 {[%emt 0:02:58]} Ra8 {[%emt 0:03:10]} 47. Qc5 {[%emt 0:00:12]} Rc8 {[%emt 0:00:35]} 48. Qe5 {[%emt 0:02:19]} Re8 {[%emt 0:00:29]} 49. Qc5 {[%emt 0:00:10]} Qg4 {[%emt 0:02:29]} 50. Be5 {[%emt 0:04:06]} Rc8 {[%emt 0:01:21]} 51. Qe7 {[%emt 0:00:35]} Bf5 {[%emt 0:00:49]} 52. b5 {[%emt 0:01:06]} Rg8 {[%emt 0:00:28]} 53. Qf7 {[%emt 0:01:27]} Be4 {[%emt 0:00:30]} 54. Qxc4 {[%emt 0:00:44]} Bf5 {[%emt 0:00:40]} 55. b6 {[%emt 0:00:47]} Qg3 {[%emt 0:00:14]} 56. Rd1 {[%emt 0:01:26]} Qe3+ {[%emt 0:00:21]} 57. Kb1 {[%emt 0:00:39]} Qxb6+ {[%emt 0:00:36]} 58. Qb3 {[%emt 0:00:10]} Qf2 {[%emt 0:00:18]} 59. Ka1 {[%emt 0:00:50]} Ra8 {[%emt 0:00:36]} 60. Qf7 {[%emt 0:00:19]} Rxa2+ {[%emt 0:01:08]} 61. Qxa2 {[%emt 0:00:04]} Qc5 {[%emt 0:01:03]} 62. Qb3 {[%emt 0:00:35]} Qc6 {[%emt 0:00:00]} 63. Rd2 {[%emt 0:00:17]} Qe4 {[%emt 0:00:07]} 64. Kb2 {[%emt 0:00:26]} Qe1 {[%emt 0:00:16]} 65. Qd1 {[%emt 0:00:24]} Qe4 {[%emt 0:00:04]} 66. Qf3 {[%emt 0:00:32]} Qe1 {[%emt 0:00:51]} 67. Qd1 {[%emt 0:00:44]} Qe4 {[%emt 0:00:04]} 68. g4 {[%emt 0:00:32]} Be6 {[%emt 0:00:22]} 69. Rxd3 {[%emt 0:01:03]} Qc4 {[%emt 0:00:12]} 70. Rd4 {[%emt 0:00:23]} Qa2+ {[%emt 0:00:16]} 71. Kc1 {[%emt 0:00:04]} 1-0

[Event "24th Hoogeveen Open 2021"]
[Site "Hoogeveen"]
[Date "2021.10.22"]
[Round "8.5"]
[White "Van der Hagen, Loek"]
[Black "Van den Berg, Bram"]
[Result "1/2-1/2"]
[WhiteElo "2010"]
[BlackElo "2209"]
[Annotator "RC"]
[PlyCount "135"]
[EventDate "2021.10.15"]
[EventType "swiss"]
[EventCountry "NED"]
[SourceTitle "playchess.com"]
[Source "ChessBase"]
[SourceQuality "1"]
[TimeControl "40/5400+30:1800+30"]

1. e4 {[%emt 0:00:04]} d5 {[%emt 0:00:20]} 2. exd5 {[%emt 0:00:05]} Nf6 {[%emt 0:00:03]} 3. Be2 {[%emt 0:00:07]} Nxd5 {[%emt 0:01:29]} 4. d4 {[%emt 0:00:08]} e6 {[%emt 0:00:57]} 5. Nf3 {[%emt 0:00:12]} Be7 {[%emt 0:00:08]} 6. O-O {[%emt 0:00:13]} O-O {[%emt 0:00:11]} 7. c4 {[%emt 0:00:38]} Nf6 {[%emt 0:04:27]} 8. Nc3 {[%emt 0:03:19]} Re8 {[%emt 0:00:30]} 9. h3 {[%emt 0:02:28]} a6 {[%emt 0:04:32]} 10. Be3 {[%emt 0:02:57]} Nbd7 {[%emt 0:07:31]} 11. Qc2 {[%emt 0:04:04]} b6 {[%emt 0:00:42]} 12. Rfd1 {[%emt 0:01:05]} Bb7 {[%emt 0:05:12]} 13. Rac1 {[%emt 0:01:05]} Bb4 {[%emt 0:07:14]} 14. a3 {[%emt 0:07:56]} Bxc3 {[%emt 0:08:01]} 15. Qxc3 {[%emt 0:00:15]} Qe7 {[%emt 0:01:20]} 16. b4 {[%emt 0:19:09]} c5 {[%emt 0:11:37]} 17. dxc5 {[%emt 0:21:04]} bxc5 {[%emt 0:00:31]} 18. Ne1 {[%emt 0:01:43]} Rec8 {[%emt 0:03:31]} 19. Qb3 {[%emt 0:02:13]} a5 {[%emt 0:10:57]} 20. b5 {[%emt 0:01:51]} a4 {[%emt 0:02:08]} 21. Qc2 {[%emt 0:06:39]} Nb6 {[%emt 0:02:49]} 22. Bf3 {[%emt 0:03:29]} Bxf3 {[%emt 0:04:21]} 23. Nxf3 {[%emt 0:00:12]} e5 {[%emt 0:00:07]} 24. Nd2 {[%emt 0:02:19]} Qe6 {[%emt 0:02:30]} 25. f3 {[%emt 0:06:59]} h6 {[%emt 0:00:54]} 26. Bf2 {[%emt 0:01:15]} Ra7 {[%emt 0:01:11]} 27. Re1 {[%emt 0:02:12]} Re7 {[%emt 0:04:02]} 28. Bh4 {[%emt 0:00:26]} g5 {[%emt 0:00:54]} 29. Bg3 {[%emt 0:00:29]} Nfd7 {[%emt 0:00:41]} 30. f4 {[%emt 0:02:52]} gxf4 {[%emt 0:00:46]} 31. Bxf4 {[%emt 0:00:19]} f5 {[%emt 0:00:05]} 32. Nf3 {[%emt 0:06:58]} e4 {[%emt 0:04:07]} 33. Nh2 {[%emt 0:01:00]} Ne5 {[%emt 0:01:29]} 34. Bxe5 {[%emt 0:00:21]} Qxe5 {[%emt 0:01:37]} 35. Qc3 {[%emt 0:01:20]} Qxc3 {[%emt 0:05:16]} 36. Rxc3 {[%emt 0:00:04]} Rd7 {[%emt 0:00:04]} 37. g4 {[%emt 0:00:39]} Rd3 {[%emt 0:00:16]} 38. Rxd3 {[%emt 0:00:38]} exd3 {[%emt 0:00:09]} 39. Rd1 {[%emt 0:00:39]} Rd8 {[%emt 0:00:35]} 40. gxf5 {[%emt 0:00:29]} Nxc4 {[%emt 0:00:51]} 41. Ng4 {[%emt 0:05:45]} Nxa3 {[%emt 0:16:50]} 42. b6 {[%emt 0:05:17]} c4 {[%emt 0:01:09]} 43. b7 {[%emt 0:02:35]} Nc2 {[%emt 0:05:00]} 44. Nf6+ {[%emt 0:06:07]} Kg7 {[%emt 0:02:05]} 45. Nd7 {[%emt 0:01:27]} Nd4 {[%emt 0:00:42]} 46. f6+ {[%emt 0:03:46]} Kf7 {[%emt 0:02:38]} 47. Ne5+ {[%emt 0:02:38]} Kxf6 {[%emt 0:01:08]} 48. Nxc4 {[%emt 0:00:34]} Nc6 {[%emt 0:00:29]} 49. Nb2 {[%emt 0:00:51]} a3 {[%emt 0:00:37]} 50. Nxd3 {[%emt 0:00:39]} a2 {[%emt 0:00:36]} 51. Rf1+ {[%emt 0:00:32]} Kg7 {[%emt 0:01:45]} 52. Nc5 {[%emt 0:01:14]} Re8 {[%emt 0:02:04]} 53. Kg2 {[%emt 0:04:35]} Re5 {[%emt 0:01:23]} 54. Nd3 {[%emt 0:00:57]} Rg5+ {[%emt 0:02:33]} 55. Kh2 {[%emt 0:00:14]} Rb5 {[%emt 0:00:11]} 56. Ra1 {[%emt 0:00:24]} Rb3 {[%emt 0:00:07]} 57. Nc5 {[%emt 0:00:39]} Rb2+ {[%emt 0:00:37]} 58. Kg3 {[%emt 0:00:06]} Kf7 {[%emt 0:01:39]} 59. Na6 {[%emt 0:00:45]} Ke6 {[%emt 0:00:51]} 60. b8=Q {[%emt 0:00:26]} Nxb8 {[%emt 0:00:06]} 61. Nxb8 {[%emt 0:00:05]} Kd5 {[%emt 0:00:18]} 62. Nd7 {[%emt 0:01:12]} Kc4 {[%emt 0:00:15]} 63. Ne5+ {[%emt 0:00:34]} Kb3 {[%emt 0:00:20]} 64. Nf7 {[%emt 0:00:39]} Rb1 {[%emt 0:00:35]} 65. Rxa2 {[%emt 0:00:08]} Kxa2 {[%emt 0:00:04]} 66. Nxh6 {[%emt 0:00:10]} Rb3+ {[%emt 0:00:04]} 67. Kg4 {[%emt 0:00:17]} Rxh3 {[%emt 0:00:04]} 68. Kxh3 {[%emt 0:00:04]} 1/2-1/2

[Event "24th Hoogeveen Open 2021"]
[Site "Hoogeveen"]
[Date "2021.10.22"]
[Round "8.6"]
[White "Arnold, Kiri"]
[Black "Binnendijk, Ferdinand"]
[Result "0-1"]
[WhiteElo "1787"]
[BlackElo "2142"]
[Annotator "ChessBase"]
[PlyCount "70"]
[EventDate "2021.10.15"]
[EventType "swiss"]
[EventCountry "NED"]
[SourceTitle "playchess.com"]
[Source "ChessBase"]
[SourceQuality "1"]
[TimeControl "40/5400+30:1800+30"]

1. e4 {[%emt 0:00:03]} c5 {[%emt 0:00:02]} 2. Nf3 {[%emt 0:00:20]} Nc6 {[%emt 0:00:04]} 3. d4 {[%emt 0:00:37]} cxd4 {[%emt 0:02:09]} 4. Nxd4 {[%emt 0:00:02]} e6 {[%emt 0:00:11]} 5. Nc3 {[%emt 0:08:15]} Qc7 {[%emt 0:02:23]} 6. Be3 {[%emt 0:05:30]} a6 {[%emt 0:00:23]} 7. Bd3 {[%emt 0:06:11]} Nf6 {[%emt 0:06:46]} 8. O-O {[%emt 0:03:08]} Be7 {[%emt 0:00:00]} 9. Nxc6 {[%emt 0:03:36]} bxc6 {[%emt 0:00:00]} 10. f4 {[%emt 0:03:36]} d6 {[%emt 0:07:04]} 11. Qf3 {[%emt 0:02:23]} Rb8 {[%emt 0:04:46]} 12. b3 {[%emt 0:01:41]} Nd7 {[%emt 0:09:49]} 13. Rad1 {[%emt 0:08:13]} Bf6 {[%emt 0:09:49]} 14. Na4 {[%emt 0:01:49]} c5 {[%emt 0:02:39]} 15. c4 {[%emt 0:09:38]} Bb7 {[%emt 0:02:56]} 16. Bd2 {[%emt 0:03:22]} Bc6 {[%emt 0:10:50]} 17. Nc3 {[%emt 0:02:31]} O-O {[%emt 0:01:20]} 18. Qh3 {[%emt 0:05:10]} Bd4+ {[%emt 0:05:09]} 19. Kh1 {[%emt 0:00:14]} Qb7 {[%emt 0:04:49]} 20. Nd5 {[%emt 0:13:59]} Rbe8 {[%emt 0:04:35]} 21. Bc3 {[%emt 0:04:35]} f5 {[%emt 0:03:00]} 22. Bxd4 {[%emt 0:13:36]} cxd4 {[%emt 0:00:06]} 23. a3 {[%emt 0:01:06]} h6 {[%emt 0:06:06]} 24. Rde1 {[%emt 0:01:16]} Nc5 {[%emt 0:02:36]} 25. Nb4 {[%emt 0:00:40]} Nxd3 {[%emt 0:00:55]} 26. Qxd3 {[%emt 0:00:02]} Bxe4 {[%emt 0:00:20]} 27. Qg3 {[%emt 0:00:26]} a5 {[%emt 0:01:11]} 28. Na2 {[%emt 0:00:28]} Kh7 {[%emt 0:01:19]} 29. h4 {[%emt 0:00:53]} Rf6 {[%emt 0:00:21]} 30. h5 {[%emt 0:00:09]} g6 {[%emt 0:00:31]} 31. Qh4 {[%emt 0:00:45]} Ref8 {[%emt 0:02:24]} 32. Rf2 {[%emt 0:00:23]} gxh5 {[%emt 0:00:37]} 33. b4 {[%emt 0:00:27]} Rg6 {[%emt 0:00:40]} 34. Ree2 {[%emt 0:00:11]} Rfg8 {[%emt 0:00:13]} 35. Qh3 {[%emt 0:02:02]} Rg3 {[%emt 0:00:58]} 0-1